000 00621pam a2200229 a 4500
001 3382952
005 20180213080603.0
008 880711s1989 caua b 001 0 eng
010 _a 88018566
020 _a0803932588 :
_c$26.00
020 _a0803932596 :
_c$12.95
040 _aDLC
_cDLC
_dDLC
041 _aeng
080 _a302.35 MEY
082 0 0 _a302.35 MEY
_219
100 1 _a50
101 _aSOC
245 1 0 _aPermanently failing organizations /
_cMarshall W. Meyer, Lynne G. Zucker.
504 _aBibliography: p. [163]-178.
906 _a7
_bcbc
_corignew
_d1
_eocip
_f19
_gy-gencatlg
942 _2ddc
_cBK
999 _c42401
_d42401